000 00604nam a2200205Ia 4500
003 GCL
008 140319s9999 xx 000 0 eng d
040 _aGCL /
_cGCL
082 0 4 _a050
_bB B
100 1 _aSOCIETE D'ARCHOLOGIE COPTE
245 1 0 _aBULLETIN DE L,ASSOCIATION DES AMIS DES EGLISIS ET DE L,ART COPTES (1935:1960)15 vol /
_cSOCIETE D'ARCHOLOGIE COPTE
260 _a[S.N] :
_bSOCIETE D'ARCHEOLOGIE COPTE ،
_c1936
650 0 4 _aHISTORY
650 0 4 _aEGYPTOLOGY
650 0 4 _aCOPTS
650 0 4 _aCOPTIC HISTORY
650 0 4 _aROMAN PERIOD
650 0 4 _aHELLENIC PERIOD
942 _2ddc
_cCR
999 _c25835
_d25835